Pedagogía racional / (Record no. 116564)

MARC details
000 -LEADER
campo de control de longitud fija 00536nam a2200157 4500
001 - NÚMERO DE CONTROL
campo de control 116564
003 - IDENTIFICADOR DE NÚMERO DE CONTROL
campo de control ES-MaACL
007 - CAMPO FIJO DE DESCRIPCIÓN FÍSICA--INFORMACIÓN GENERAL
campo de control de longitud fija t|
008 - DATOS DE LONGITUD FIJA--INFORMACIÓN GENERAL
campo de control de longitud fija 061121s1927 sp r ||||1| spa d
100 1# - ENTRADA PRINCIPAL--NOMBRE DE PERSONA
Nombre de persona Paulsen, Friedrich.
9 (RLIN) 89662
245 10 - MENCIÓN DEL TÍTULO
Título Pedagogía racional /
Mención de responsabilidad, etc. por Federico Paulsen ; versión española con un prólogo del Rvdo. P. Ramón Ruiz Amado.
260 ## - PUBLICACIÓN, DISTRIBUCIÓN, ETC.
Lugar de publicación, distribución, etc. Barcelona :
Nombre del editor, distribuidor, etc. [s. n.],
Fecha de publicación, distribución, etc. 1927 (
Fabricante Tip. `La Educación`)
300 ## - DESCRIPCIÓN FÍSICA
Extensión VIII, 385 p. ;
Dimensiones 22 cm.
700 1# - ENTRADA AGREGADA--NOMBRE PERSONAL
Nombre de persona Ruiz Amado, Ramón.
9 (RLIN) 100651
852 ## - LOCALIZACIÓN
Ubicación ES-MaACL
Número de control de estantería C-8922
Sublocalización o colección R.37006
Holdings
Estatus retirado Estado de pérdida Estado de daño No para préstamo Biblioteca de origen Biblioteca actual Ubicación en estantería Fecha de adquisición Fuente de adquisición Total de préstamos Signatura topográfica completa Código de barras Visto por última vez Precio de reemplazo Tipo de ítem Koha
        Biblioteca del Ateneo de Madrid Biblioteca del Ateneo de Madrid Sala Palomar 17/01/2008     C-8922 1121546 23/02/2023 23/02/2023 Libro impreso